Staff Studies for the World Economic Outlook.

These studies, prepared by the staff of the International Monetary Fund, comprise supporting material for the analyses and scenarios in the World Economic Outlook and provide a more detailed examination of the theory and evidence on some major issues affecting the global economy, commodity prices, a...

Повний опис

Бібліографічні деталі
Співавтор: International Monetary Fund
Формат: Журнал
Мова:English
Опубліковано: Washington, D.C. : International Monetary Fund, 1995.
Серія:World Economic and Financial Surveys; World Economic and Financial Surveys ; No. 1995/001
Онлайн доступ:Full text available on IMF
LEADER 01419cas a2200241 a 4500
001 AALejournalIMF012292
008 230101c9999 xx r poo 0 0eng d
020 |c 50.00 USD 
020 |z 9781557754998 
022 |a 0258-7440 
040 |a BD-DhAAL  |c BD-DhAAL 
110 2 |a International Monetary Fund. 
245 1 0 |a Staff Studies for the World Economic Outlook. 
264 1 |a Washington, D.C. :  |b International Monetary Fund,  |c 1995. 
300 |a 1 online resource (142 pages) 
490 1 |a World Economic and Financial Surveys 
500 |a <strong>Off-Campus Access:</strong> No User ID or Password Required 
500 |a <strong>On-Campus Access:</strong> No User ID or Password Required 
506 |a Electronic access restricted to authorized BRAC University faculty, staff and students 
520 3 |a These studies, prepared by the staff of the International Monetary Fund, comprise supporting material for the analyses and scenarios in the World Economic Outlook and provide a more detailed examination of the theory and evidence on some major issues affecting the global economy, commodity prices, and individual countries. 
538 |a Mode of access: Internet 
830 0 |a World Economic and Financial Surveys; World Economic and Financial Surveys ;  |v No. 1995/001 
856 4 0 |z Full text available on IMF  |u http://elibrary.imf.org/view/books/083/06491-9781557754998-en/06491-9781557754998-en-book.xml  |z IMF e-Library